00000000cas 2200000zi 4500
0019.962709
003CaOODSP
00520260511140129
006m     o  d f      
007cr cn ||||||||
008260511c20259999oncar p o    f0###b0fre|d
040 |aCaOODSP|bfre|erda|cCaOODSP
043 |an-cn---
0861 |aDG2-14F-PDF
1101 |aCanada. |bComité externe d'examen des griefs militaires, |eauteur, |eorganisme de publication.
24510|aComité externe d’examen des griefs militaires, rapport annuel ... au titre de la Loi sur la lutte contre le travail forcé et le travail des enfants dans les chaînes d’approvisionnement.
264 1|aOttawa (Ontario) : |bComité externe d'examen des griefs militaires = Military Grievances External Review Committee, |c[2025]-
310 |aAnnuel
336 |atexte|btxt|2rdacontent/fre
337 |ainformatique|bc|2rdamedia/fre
338 |aressource en ligne|bcr|2rdacarrier/fre
3621 |aParaît depuis : 2025.
500 |aPublié aussi en anglais sous le titre : Military Grievances External Review Committee ... annual report under the Fighting Against Forced Labour and Child Labour in Supply Chains Act.
588 |aDescription d'après : 2025.
588 |aDernière livraison consultée : 2025.
61016|aCanada. |bComité externe d'examen des griefs militaires|vPériodiques.
61016|aCanada. |tLoi sur la lutte contre le travail forcé et le travail des enfants dans les chaînes d'approvisionnement |vPériodiques.
650 6|aTravail forcé|zCanada|xPrévention|vPériodiques.
650 6|aEnfants|xTravail|zCanada|xPrévention|vPériodiques.
655 7|aPériodiques|2rvmgf
77508|tMilitary Grievances External Review Committee ... annual report under the Fighting Against Forced Labour and Child Labour in Supply Chains Act.|w(CaOODSP)9.962710
78000|tTravail forcé dans les chaînes d'approvisionnement canadiennes, rapport annuel.|w(CaOODSP)9.939437